Powiaty według sąsiadów #1 - Statystyki

Ogólne statystyki
  • Ten quiz został rozwiązany 16 razy
  • Średni wynik to 11 z 15
Statystyki odpowiedzi
Sąsiedzi Powiat % Poprawnych
leski, sanocki, przemyski bieszczadzki
92%
staszowski, kielecki, pińczowski, kazimierski, dąbrowski buski
85%
żarski, zielonogórski, nowosolski, głogowski, polkowicki, bolesławiecki, zgorzelecki żagański
85%
Łódź, pabianicki, piotrkowski, tomaszowski, brzeziński, zgierski łódzki wschodni
77%
będziński, Sosnowiec, zawierciański, olkuski miasto {Dąbrowa Górnicza}
77%
suski, myślenicki, krakowski, chrzanowski, oświęcimski, bielski, żywiecki wadowicki
77%
cieszyński, bielski, suski, wadowicki żywiecki
77%
ząbkowicki, dzierżoniowski, wałbrzyski kłodzki
69%
radomski, zwoleński, opolski, opatowski, ostrowiecki, starachowicki lipski
69%
Gdańsk, braniewski, elbląski, malborski, gdański nowodworski
69%
gołdapski, giżycki, ełcki, suwalski olecki
69%
tomaszowski, skierniewicki, żyrardowski, grójecki rawski
69%
Tychy, pszczyński, oświęcimski, Jaworzno, Mysłowice, Katowice bieruńsko-lędziński
62%
karkonoski, jaworski, wałbrzyski kamiennogórski
62%
legionowski, wyszkowski, makowski, ciechanowski, płoński, nowodworski pułtuski
62%
Nie znaleziono quizów pasujących do podanych kryteriów
Rozkład punktacji
Procent ludzi z każdym wynikiem
Percentyl według liczby udzielonych odpowiedzi
Twoja historia wyników
Nie rozwiązałeś tego quizu